000
00315nam a22001337a 4500
008
181008b xxu||||| |||| 00| 0 eng d
020
_a
9781416032434
041
_a
eng
080
_2
5th
_a
615.83
100
_a
8
101
_a
EGZ
245
_a
Physical Examination& Health Assessment
_c
Jarvis,C
942
_2
udc
_c
BK
999
_c
49022
_d
49022